Statistiques concernant Élimination par catégorie - Clubs de foot n°1

Cliquez ici pour prendre le quiz!

Statistiques générales

  • Ce quiz a été pris 1 545 fois
  • Le résultat moyen est 11 sur 20

Statistiques - réponses

Groupe#Catégorie% Correct
Orange98Club jouant dans les 5 plus grands championnats europééns
93%
Bleu42Club jouant dans le niveau entièrement professionnel en Espagne
90%
Vert7... n'est pas en Bundesliga
87%
Orange60... ne joue aucune compétition européenne à l'issu de la saison 2022/2023
87%
Vert8Commençant par un A jouant dans les 5 plus grands championnats europééns
87%
Orange46... qui n'est pas relégué
86%
Violet18Club jouant en Eredivisie
75%
Violet16... a un hollandais comme coach
75%
Bleu31… qui ne représente pas la plus grosse ville de sa région
63%
Vert5... jouant avec comme maillot domicile un maillot rayé
60%
Bleu9... qui a du bleu comme couleur principal
54%
Vert3... est dans les 5 derniers de son championnat
47%
Bleu5... qui est dans au nord de la région de Madrid
39%
Vert1est la plus mauvaise défense 5 grands championnats européénsAngers
32%
Orange3... qui a gagné 4 fois son championnat dans son histoire
24%
Violet10... qui joue dans un stade de moins de 25000 places
24%
Bleu1... qui a un logo unique en son genreCelta Vigo
11%
Violet2... qui a un logo en forme de cercle
9%
Violet1... qui a remporté 6 fois le championnatSparta Rotterdam
8%
Orange1... qui n'est pas en FranceWerder Bremen
2%

Distribution des résultats

Percentile par nombre de réponses

% des personnes avec chaque résultat

Votre développement - résultats

Vous n’avez pas pris ce quiz